Použitie MACBETH (Measuring Attractiveness by a Categorical Based Evaluation Technique) v úlohách viackriteriálneho rozhodovania, diplomová práca

Gespeichert in:
Bibliographische Detailangaben
1. Verfasser: Paldan, Filip
Körperschaft: Fakulta hospodárskej informatiky EU. Katedra aplikovanej informatiky
Weitere Verfasser: Bednár, Peter
Format: Buch
Sprache:Slowakisch
Veröffentlicht: Bratislava 2014
Tags: Tag hinzufügen
Keine Tags, Fügen Sie das erste Tag hinzu!

MARC

LEADER 00000nbm a2200000 4500
001 0188479
005 20170201103052.5
041 0 |a slo 
044 |a SK 
245 1 0 |a Použitie MACBETH (Measuring Attractiveness by a Categorical Based Evaluation Technique) v úlohách viackriteriálneho rozhodovania,  |b diplomová práca  |c Filip Paldan ; školiteľ: Peter Bednár 
264 1 |a Bratislava  |c 2014 
300 |a 64 s. 
100 1 |a Paldan, Filip 
700 1 |a Bednár, Peter 
710 2 |a Fakulta hospodárskej informatiky EU. Katedra aplikovanej informatiky